Normale Ansicht MARC-Ansicht

Eintrag Personenname

Verwendet in 1 Titel(n)

001 - Kontrollnummer

  • Kontrollfeld: 67771

003 - Kontrollnummer Identifier

  • Kontrollfeld:

005 - Datum und Zeit der letzten Transaktion

  • Kontrollfeld: 20251127125330.0

008 - Datenelemente mit fester Länge

  • Kontrollfeld mit fester Länge: 251127|| aca||aabn | a|a d

040 ## - Katalogisierungsquelle

  • Original-Katalogisierungsstelle:
  • Übertragungsstelle:

100 ## - Ansetzung - Personenname

  • Personenname: Tachnaeva, Patimat Ibragimovna
  • Datumsangaben in Verbindung mit einem Namen: 1967-

670 ## - Datenquelle

  • Quellenangabe: Work cat.: ()73263: 880-01 Tachnaeva, Patimat Ibragimovna 1967- Verfasser (DE-588)1200435478 aut, Chadži-Murat